000 00864nac a22002297a 4500
001 BR7305832
003 BR-BrBNA
005 20240105113532.0
008 230509b bl.|||m| |||| 00| 0 por d
040 _aBR-BrBNA
_bpor
_cBiblioteca Nacional de Agricultura
072 _aM00
090 _aM00 BR7305832
110 1 _aPrograma de Pesquisa e Desenvolvimento Pesqueiro do Brasil, Brasilia, DF (Brasil)
_97976
245 1 _aNavio de pesquisa Cruz del Sur. Relatorio do cruzeiro no. 6 de 1976. Pesca exploratoria e prospeccao de recursos pesqueiros de meia agua na regiao sul do Brasil
260 3 _aBrasilia, DF (Brasil):
_c1976.
300 _a7 p.
490 _aNavio de Pesquisa Cruz del Sur. Relatorio do Cruzeiro (Brazil)
_vno. 6
_x
650 _aPESCA
650 _aREGIAO SUL
909 _a202312
_bLúcia Elande
_c55
_dLúcia Elande
942 _2AGRIS
_n0
_cMS
999 _c264298
_d264298